Event planning and management: A pratical handbook for Pr and events professionals (Record no. 19580)

MARC details
000 -LEADER
fixed length control field 00498nam a2200169Ia 4500
008 - FIXED-LENGTH DATA ELEMENTS--GENERAL INFORMATION
fixed length control field 230917s9999||||xx |||||||||||||| ||und||
020 ## - ISBN
Price GBP24.99
040 ## - CATALOGING SOURCE
-- 235348
Original cataloging agency VIVEKANANDA LIBRARY
041 ## - Language
-- English
082 ## - DDC NUMBER
Classification number 394.2 D769E
100 ## - MAIN ENTRY--PERSONAL NAME
Personal name Dawson, Ruth
245 #0 - TITLE STATEMENT
Title Event planning and management: A pratical handbook for Pr and events professionals
260 ## - PUBLICATION, DISTRIBUTION, ETC. (IMPRINT)
Place of publication, distribution, etc London
Name of publisher, distributor, etc Kogan Page
Date of publication, distribution, etc 2015
300 ## - PHYSICAL DESCRIPTION
Pages xv, 310 p.
500 ## - GENERAL NOTE
General note 2431 18/10/2016 HBD16/1041630 19/10/2016 Main Budget
942 ## - ADDED ENTRY ELEMENTS (KOHA)
Koha item type Books
Holdings
Withdrawn status Lost status Damaged status Not for loan Location (home branch) Sublocation or collection (holding branch) Shelving location Date acquired Koha issues (times borrowed) Koha full call number Accession No. Koha date last seen Koha item type
        VIVEKANANDA LIBRARY VIVEKANANDA LIBRARY IHTM Library 23/11/2016   394.2 D769E 354141 17/09/2023 Books
        VIVEKANANDA LIBRARY VIVEKANANDA LIBRARY IHTM Library 23/11/2016   394.2 D769E 354142 17/09/2023 Books
© Designed and Maintained by Vivekananda Library, MDU Rohtak